000
00243nam a22000857a 4500
008
160711b xxu||||| |||| 00| 0 eng d
100
_9
2557
_a
Reader's Digest
245
_a
Reader's Digest Condensed Books
260
_a
New York
_b
Reader's Digest
_c
1995
999
_c
2223
_d
2223